Statistics for Getaway Car - Taylor Swift (All Lyrics)

Click here to take the quiz!

General Stats

  • This quiz has been taken 42 times
  • The average score is 473 of 564

Answer Stats

Lyrics% Correct
a
100%
car
100%
get
100%
getaway
100%
I
100%
In
100%
in
100%
The
100%
the
100%
be
97%
was
97%
It
95%
it
95%
No,
95%
no
95%
You
95%
you
95%
me
92%
of
92%
We
92%
we
92%
were
92%
we're
92%
(We're
92%
where
92%
And
89%
and
89%
Drivin'
89%
drivin'
89%
never
89%
to
89%
but
87%
But
87%
first
87%
go,
87%
go"
87%
"Go,
87%
It's
87%
it's
87%
met
87%
my
87%
time
87%
about
84%
far
84%
far,
84%
good
84%
he
84%
He
84%
leave
84%
mystery
84%
place
84%
Think
84%
your
84%
beat
82%
best
82%
ever
82%
heart
82%
keys
82%
last
82%
money
82%
pretend
82%
pretend)
82%
saw
82%
stole
82%
such
82%
That
82%
worst
82%
bag
79%
crimes
79%
(Don't
79%
Don't
79%
flyin',
79%
nothin'
79%
(Oh)
79%
(Oh
79%
oh
79%
oh)
79%
starts
79%
times,
79%
we'd
79%
bar
76%
Bonnie
76%
didn't
76%
I'm
76%
motel
76%
other
76%
Put
76%
side
76%
side,
76%
Clyde
74%
left
74%
us
74%
us,
74%
win
74%
surprise
71%
There
71%
black,
68%
cursed
68%
Fashioned,
68%
Old
68%
ridin'
68%
Ridin'
68%
shot
68%
turned
68%
well,
68%
white
68%
dark
66%
I'd
66%
needed
66%
see
66%
shotgun
66%
sirens
66%
Until
66%
apart
63%
'Cause
63%
cryin'
63%
fell
63%
from
63%
had
63%
jet-set
63%
knew
63%
lyin'
63%
marks
63%
match
63%
mean
63%
switched
63%
traitors
63%
"X"
63%
him,
61%
like
61%
myself
61%
prison
61%
reason
61%
drinkin'
58%
dyin'
58%
just
58%
known)
58%
known
58%
lies
58%
mind
58%
on
58%
spot
58%
blew
55%
break
55%
candlelight
55%
escape,
55%
poisoned
55%
Said
55%
shades
55%
ties
55%
screamin',
53%
struck
53%
thinkin'
53%
wanted
53%
both
50%
for
50%
goodbye
50%
gray,
50%
great
50%
hit
50%
sorry)
50%
sorry
50%
three
50%
face
47%
honey,
47%
light
47%
love
47%
runnin'
47%
they
47%
after
45%
now
45%
story
45%
weren't
45%
with
45%
ain't
42%
every
42%
himself
42%
man
42%
sideshow
42%
freedom
39%
ah)
37%
ah
37%
circus
34%
Shoulda
32%
(Shoulda
32%
While
26%

Score Distribution

Percentile by Number Answered

Percent of People with Each Score

Your Score History

You have not taken this quiz